UBT Library

Literature, race, and ethnicity : (Record no. 38998)

000 -LEADER
fixed length control field 00991cam a2200241 a 4500
001 - CONTROL NUMBER
control field 12418474
005 - DATE AND TIME OF LATEST TRANSACTION
control field 20171215051828.0
008 - FIXED-LENGTH DATA ELEMENTS--GENERAL INFORMATION
fixed length control field 010523s2002 nyua b 001 0 eng
010 ## - LIBRARY OF CONGRESS CONTROL NUMBER
LC control number 2001038066
020 ## - INTERNATIONAL STANDARD BOOK NUMBER
International Standard Book Number 0321011627 (softcover)
040 ## - CATALOGING SOURCE
Original cataloging agency DLC
Transcribing agency DLC
Modifying agency DLC
041 ## - LANGUAGE CODE
Language code of text/sound track or separate title eng
043 ## - GEOGRAPHIC AREA CODE
Geographic area code n-us---
080 ## - UNIVERSAL DECIMAL CLASSIFICATION NUMBER
Universal Decimal Classification number 305.800973 SKE
082 00 - DEWEY DECIMAL CLASSIFICATION NUMBER
Classification number 305.800973 SKE
Edition number 21
100 ## - Rafti
Rafti 21
101 ## - Shkurtesa
Shkurtesa GJU
245 00 - TITLE STATEMENT
Title Literature, race, and ethnicity :
Statement of responsibility, etc [edited by] Joseph T. Skerrett, Jr.
504 ## - BIBLIOGRAPHY, ETC. NOTE
Bibliography, etc Includes bibliographical references (p. 529) and index.
906 ## - LOCAL DATA ELEMENT F, LDF (RLIN)
a 7
b cbc
c orignew
d 1
e ocip
f 20
g y-gencatlg
942 ## - ADDED ENTRY ELEMENTS (KOHA)
Source of classification or shelving scheme
Item type Books
Holdings
Withdrawn status Lost status Source of classification or shelving scheme Damaged status Not for loan Collection code Permanent location Current location Shelving location Date acquired Total Checkouts Full call number Barcode Date last seen Price effective from Koha item type
          Koleksioni i përgjithshem UBT - Lipjan UBT - Lipjan Koleksioni i përgjithshem 12/15/2017   305.800973 SKE 002-2939117 12/15/2017 12/15/2017 Books
UBT Library © 2015-2024. All rights reserved University Education for Business and Technology